Movies Quiz

Random Movies or Nominee Quiz

Best Actor Nominations ('80s) Quiz Stats

 Plays Quiz Updated Mar 20, 2019

Score 0/50 Timer 08:00
7 Plays Today
Movie Actor % Correct
TootsieDustin Hoffman
94.9%
Rain Man*Dustin Hoffman
94.9%
Raging Bull*Robert De Niro
94.6%
Good Morning, VietnamRobin Williams
93.4%
Dead Poets SocietyRobin Williams
93.4%
BigTom Hanks
89.7%
Born on the Fourth of JulyTom Cruise
88%
Wall Street*Michael Douglas
87.5%
Driving Miss DaisyMorgan Freeman
86.4%
Absence of MalicePaul Newman
78.5%
The VerdictPaul Newman
78.5%
The Color of Money*Paul Newman
78.5%
Gandhi*Ben Kingsley
78.4%
On Golden Pond*Henry Fonda
73.6%
WitnessHarrison Ford
72.9%
My Left Foot*Daniel Day-Lewis
71.8%
Prizzi's HonorJack Nicholson
67.4%
IronweedJack Nicholson
67.4%
The Elephant ManJohn Hurt
64.7%
Kiss of the Spider Woman*William Hurt
64.7%
Children of a Lesser GodWilliam Hurt
64.7%
Broadcast NewsWilliam Hurt
64.7%
ArthurDudley Moore
62.4%
RedsWarren Beatty
56.2%
Mississippi BurningGene Hackman
54.4%
Movie Actor % Correct
The Great SantiniRobert Duvall
54%
Tender Mercies*Robert Duvall
54%
StarmanJeff Bridges
51.9%
Educating RitaMichael Caine
47.6%
Amadeus*F. Murray Abraham
46.6%
AmadeusTom Hulce
40.5%
Henry VKenneth Branagh
37.5%
Stand and DeliverEdward James Olmos
37.3%
The Stunt ManPeter O'Toole
35.3%
My Favorite YearPeter O'Toole
35.3%
TributeJack Lemmon
28.4%
MissingJack Lemmon
28.4%
Murphy's RomanceJames Garner
28.4%
Atlantic CityBurt Lancaster
26.8%
SalvadorJames Woods
24%
Runaway TrainJon Voight
23.4%
The Killing FieldsSam Waterston
22.8%
Mona LisaBob Hoskins
22%
The DresserAlbert Finney
20.8%
Under the VolcanoAlbert Finney
20.8%
Pelle the ConquerorMax von Sydow
13%
Reuben, ReubenTom Conti
10.9%
The DresserTom Courtenay
10.7%
'Round MidnightDexter Gordon
8.3%
Dark EyesMarcello Mastroianni
6.5%

You're not logged in!

Compare scores with friends on all Sporcle quizzes.
OR
Log In

Sporcle TV

Today on Sporcle TV


Watch our educational content, quiz creation guides, and fun videos on Sporcle TV.

Show Comments

Extras

Top Quizzes Today


Score Distribution

Your Account Isn't Verified!

In order to create a playlist on Sporcle, you need to verify the email address you used during registration. Go to your Sporcle Settings to finish the process.

Report this User

Report this user for behavior that violates our Community Guidelines.

Details: